[Event "Grand Swiss "]
[Date "2025.09.13"]
[White "Maghsoodloo, Parham"]
[Black "Giri, Anish"]
[WhiteElo "2692"]
[BlackElo "2746"]
[Round "8.8.4"]
[Result "1/2-1/2"]

1. c4 {[%clk 01:40:58] [%emt 00:00:02]} Nf6 {[%clk 01:40:49] [%emt 00:00:11]} 2.
Nc3 {[%clk 01:41:22] [%emt 00:00:05]} e6 {[%clk 01:41:14] [%emt 00:00:04]} 3. e4
{[%clk 01:41:49] [%emt 00:00:04]} c5 {[%clk 01:41:41] [%emt 00:00:03]} 4. e5
{[%clk 01:41:44] [%emt 00:00:36]} Ng8 {[%clk 01:42:06] [%emt 00:00:04]} 5. d4
{[%clk 01:42:11] [%emt 00:00:03]} cxd4 {[%clk 01:42:17] [%emt 00:00:20]} 6. Qxd4
{[%clk 01:42:36] [%emt 00:00:05]} Nc6 {[%clk 01:42:42] [%emt 00:00:04]} 7. Qf4
{[%clk 01:42:13] [%emt 00:00:53]} d6 {[%clk 01:41:58] [%emt 00:01:13]} 8. Nf3
{[%clk 01:42:00] [%emt 00:00:43]} Nh6 {[%clk 01:42:10] [%emt 00:00:18]} 9. Qe4
{[%clk 01:36:11] [%emt 00:06:19]} dxe5 {[%clk 01:41:40] [%emt 00:01:00]} 10.
Nxe5 {[%clk 01:28:03] [%emt 00:08:38]} Nxe5 {[%clk 01:41:57] [%emt 00:00:14]}
11. Bxh6 {[%clk 01:26:00] [%emt 00:02:33]} gxh6 {[%clk 01:42:17] [%emt
00:00:10]} 12. Qxe5 {[%clk 01:26:26] [%emt 00:00:05]} Rg8 {[%clk 01:42:40] [%emt
00:00:06]} 13. Rd1 {[%clk 01:15:37] [%emt 00:11:19]} Bd7 {[%clk 01:12:11] [%emt
00:30:59]} 14. Ne4 {[%clk 00:38:48] [%emt 00:37:20]} Bb4+ {[%clk 00:55:45] [%emt
00:16:56]} 15. Ke2 {[%clk 00:39:12] [%emt 00:00:06]} Be7 {[%clk 00:56:09] [%emt
00:00:06]} 16. g3 {[%clk 00:35:06] [%emt 00:04:36]} Rc8 {[%clk 00:55:13] [%emt
00:01:26]} 17. b3 {[%clk 00:35:02] [%emt 00:00:33]} Qc7 {[%clk 00:54:29] [%emt
00:01:14]} 18. Nd6+ {[%clk 00:30:52] [%emt 00:04:40]} Bxd6 {[%clk 00:52:47]
[%emt 00:02:13]} 19. Qxd6 {[%clk 00:31:19] [%emt 00:00:03]} Qxd6 {[%clk
00:47:55] [%emt 00:05:22]} 20. Rxd6 {[%clk 00:29:20] [%emt 00:02:30]} Bc6 {[%clk
00:48:20] [%emt 00:00:05]} 21. Rg1 {[%clk 00:22:22] [%emt 00:07:28]} Bd5 {[%clk
00:45:36] [%emt 00:03:14]} 22. Bh3 {[%clk 00:13:35] [%emt 00:09:17]} Rc7 {[%clk
00:38:18] [%emt 00:07:48]} 23. cxd5 {[%clk 00:13:02] [%emt 00:01:03]} Ke7 {[%clk
00:38:45] [%emt 00:00:03]} 24. dxe6 {[%clk 00:10:07] [%emt 00:03:25]} Kxd6
{[%clk 00:39:09] [%emt 00:00:05]} 25. Rd1+ {[%clk 00:10:33] [%emt 00:00:04]} Ke7
{[%clk 00:38:42] [%emt 00:00:57]} 26. exf7 {[%clk 00:11:01] [%emt 00:00:02]}
Kxf7 {[%clk 00:34:46] [%emt 00:04:26]} 27. Bf5 {[%clk 00:11:03] [%emt 00:00:28]}
Re8+ {[%clk 00:26:35] [%emt 00:08:41]} 28. Kf3 {[%clk 00:11:31] [%emt 00:00:01]}
Kf6 {[%clk 00:26:55] [%emt 00:00:10]} 29. Be4 {[%clk 00:11:05] [%emt 00:00:54]}
Ree7 {[%clk 00:26:49] [%emt 00:00:38]} 30. Rd5 {[%clk 00:08:21] [%emt 00:03:14]}
Red7 {[%clk 00:25:56] [%emt 00:01:24]} 31. Rh5 {[%clk 00:06:06] [%emt 00:02:45]}
Kg7 {[%clk 00:26:09] [%emt 00:00:16]} 32. g4 {[%clk 00:05:35] [%emt 00:01:01]}
Rd2 {[%clk 00:24:15] [%emt 00:02:25]} 33. g5 {[%clk 00:04:46] [%emt 00:01:19]}
Rf7+ {[%clk 00:09:01] [%emt 00:15:44]} 34. Ke3 {[%clk 00:05:16] [%emt 00:00:01]}
Rfxf2 {[%clk 00:09:00] [%emt 00:00:31]} 35. gxh6+ {[%clk 00:04:04] [%emt
00:01:42]} Kf6 {[%clk 00:09:05] [%emt 00:00:24]} 36. h3 {[%clk 00:01:07] [%emt
00:03:28]} Rxa2 {[%emt 00:02:33]} 37. Bxh7 {[%clk 00:01:32] [%emt 00:00:05]}
Rae2+ {[%clk 00:07:22] [%emt 00:00:10]} 38. Kd4 {[%clk 00:01:14] [%emt
00:00:48]} Rf4+ {[%clk 00:07:21] [%emt 00:00:30]} 39. Kd5 {[%clk 00:00:59] [%emt
00:00:46]} Re8 {[%clk 00:02:15] [%emt 00:05:35]} 40. Bb1 {[%clk 00:00:32] [%emt
00:00:56]} Rd8+ {[%clk 00:00:35] [%emt 00:02:11]} 41. Kc5 {[%clk 00:00:48] [%emt
00:00:14]} Rf1 {[%clk 00:32:20] [%emt 00:18:44]} 42. Be4 {[%clk 00:46:06] [%emt
00:05:11]} Rc1+ {[%clk 00:32:17] [%emt 00:00:34]} 43. Kb5 {[%clk 00:45:33] [%emt
00:01:02]} Rc7 {[%clk 00:27:36] [%emt 00:05:11]} 44. Rf5+ {[%clk 00:44:55] [%emt
00:01:08]} Ke6 {[%clk 00:27:58] [%emt 00:00:08]} 45. Rh5 {[%clk 00:36:28] [%emt
00:08:56]} Kf7 {[%clk 00:25:38] [%emt 00:02:50]} 46. Rg5 {[%clk 00:35:42] [%emt
00:01:15]} Rc3 {[%clk 00:24:11] [%emt 00:01:57]} 47. h7 {[%clk 00:34:00] [%emt
00:02:13]} Rxb3+ {[%clk 00:23:45] [%emt 00:00:56]} 48. Kc4 {[%clk 00:31:58]
[%emt 00:02:32]} Rxh3 {[%clk 00:23:09] [%emt 00:01:06]} 49. Rg8 {[%clk 00:32:23]
[%emt 00:00:05]} Rf8 {[%clk 00:21:26] [%emt 00:02:08]} 50. Bg6+ {[%clk 00:29:26]
[%emt 00:03:30]} Ke7 {[%clk 00:21:52] [%emt 00:00:05]} 51. Kd5 {[%clk 00:29:53]
[%emt 00:00:03]} Rf6 {[%clk 00:15:27] [%emt 00:06:54]} 52. h8=Q {[%clk 00:29:50]
[%emt 00:00:33]} Rxh8 {[%clk 00:15:35] [%emt 00:00:23]} 53. Rxh8 {[%clk
00:30:18] [%emt 00:00:02]} Rxg6 {[%clk 00:15:59] [%emt 00:00:06]} 54. Rh7+
{[%clk 00:30:44] [%emt 00:00:03]} Kd8 {[%clk 00:16:26] [%emt 00:00:04]} 55. Rxb7
{[%clk 00:31:09] [%emt 00:00:05]} 1/2-1/2

[Site "Europe Echecs"]

[Event "Grand Swiss "]
[Date "2025.09.13"]
[White "Rapport, Richard"]
[Black "Praggnanandhaa R"]
[WhiteElo "2711"]
[BlackElo "2785"]
[Round "8.8.6"]
[Result "1/2-1/2"]

1. Nf3 {[%clk 01:39:49] [%emt 00:01:10]} d5 {[%clk 01:40:12] [%emt 00:00:48]} 2.
c4 {[%clk 01:39:46] [%emt 00:00:34]} e6 {[%clk 01:40:27] [%emt 00:00:14]} 3. g3
{[%clk 01:40:04] [%emt 00:00:12]} Nf6 {[%clk 01:40:51] [%emt 00:00:06]} 4. Bg2
{[%clk 01:40:29] [%emt 00:00:05]} d4 {[%clk 01:41:12] [%emt 00:00:10]} 5. O-O
{[%clk 01:40:26] [%emt 00:00:33]} Nc6 {[%clk 01:41:33] [%emt 00:00:09]} 6. e3
{[%clk 01:39:56] [%emt 00:00:59]} e5 {[%clk 01:40:58] [%emt 00:01:05]} 7. exd4
{[%clk 01:40:17] [%emt 00:00:10]} e4 {[%clk 01:41:15] [%emt 00:00:13]} 8. Ng5
{[%clk 01:40:41] [%emt 00:00:05]} Nxd4 {[%clk 01:38:53] [%emt 00:02:54]} 9. Re1
{[%clk 01:41:02] [%emt 00:00:08]} Be7 {[%clk 01:38:01] [%emt 00:01:22]} 10. Nxe4
{[%clk 01:41:17] [%emt 00:00:14]} Nxe4 {[%clk 01:37:59] [%emt 00:00:33]} 11.
Rxe4 {[%clk 01:41:39] [%emt 00:00:08]} Bf5 {[%clk 01:22:13] [%emt 00:16:16]} 12.
Re5 {[%clk 01:41:25] [%emt 00:00:45]} Qd6 {[%clk 01:10:53] [%emt 00:11:50]} 13.
Rxf5 {[%clk 01:41:20] [%emt 00:00:35]} Nxf5 {[%clk 01:11:14] [%emt 00:00:09]}
14. Bxb7 {[%clk 01:41:46] [%emt 00:00:04]} Rd8 {[%clk 00:57:47] [%emt 00:13:56]}
15. Qa4+ {[%clk 01:40:46] [%emt 00:01:30]} Kf8 {[%clk 00:57:40] [%emt 00:00:37]}
16. Nc3 {[%clk 01:32:05] [%emt 00:09:10]} h5 {[%clk 00:44:54] [%emt 00:13:17]}
17. Be4 {[%clk 01:26:32] [%emt 00:06:03]} Qe6 {[%clk 00:39:06] [%emt 00:06:17]}
18. d3 {[%clk 01:24:32] [%emt 00:02:31]} Nd6 {[%clk 00:35:17] [%emt 00:04:20]}
19. Bg2 {[%clk 01:23:24] [%emt 00:01:37]} Qe1+ {[%clk 00:30:55] [%emt 00:04:52]}
20. Bf1 {[%clk 01:22:45] [%emt 00:01:09]} h4 {[%clk 00:29:24] [%emt 00:02:01]}
21. g4 {[%clk 01:20:50] [%emt 00:02:25]} h3 {[%clk 00:28:11] [%emt 00:01:43]}
22. Qxa7 {[%clk 01:19:56] [%emt 00:01:23]} Rh4 {[%clk 00:16:48] [%emt 00:11:53]}
23. f3 {[%clk 01:19:15] [%emt 00:01:12]} Nb7 {[%clk 00:04:16] [%emt 00:13:02]}
24. Ne4 {[%clk 01:18:35] [%emt 00:01:09]} Rxd3 {[%clk 00:03:02] [%emt 00:01:45]}
25. Qf2 {[%clk 01:18:49] [%emt 00:00:15]} Qd1 {[%clk 00:02:40] [%emt 00:00:53]}
26. Qe2 {[%clk 01:19:09] [%emt 00:00:10]} Rd7 {[%clk 00:01:02] [%emt 00:02:09]}
27. Qxd1 {[%clk 01:19:31] [%emt 00:00:08]} Rxd1 {[%clk 00:01:31] [%emt
00:00:01]} 28. Kf2 {[%clk 01:19:57] [%emt 00:00:04]} Nc5 {[%clk 00:01:21] [%emt
00:00:40]} 29. Nc3 {[%clk 01:14:35] [%emt 00:05:51]} Nd3+ {[%clk 00:00:41] [%emt
00:01:11]} 30. Bxd3 {[%clk 01:14:52] [%emt 00:00:13]} Rxd3 {[%clk 00:01:08]
[%emt 00:00:03]} 31. Nd5 {[%clk 01:04:16] [%emt 00:11:05]} Bd6 {[%clk 00:00:55]
[%emt 00:00:43]} 32. Bg5 {[%clk 01:03:13] [%emt 00:01:33]} Rh8 {[%clk 00:01:18]
[%emt 00:00:07]} 33. Ke2 {[%clk 00:28:43] [%emt 00:35:01]} Rd4 {[%clk 00:01:42]
[%emt 00:00:05]} 34. b3 {[%clk 00:29:11] [%emt 00:00:03]} Bxh2 {[%clk 00:01:22]
[%emt 00:00:50]} 35. Rh1 {[%clk 00:28:29] [%emt 00:01:12]} Bd6 {[%clk 00:01:10]
[%emt 00:00:42]} 36. Be3 {[%clk 00:28:42] [%emt 00:00:18]} Rxd5 {[%clk 00:01:35]
[%emt 00:00:05]} 37. cxd5 {[%clk 00:29:10] [%emt 00:00:02]} Ke7 {[%clk 00:00:52]
[%emt 00:01:12]} 38. f4 {[%clk 00:17:00] [%emt 00:12:40]} h2 {[%clk 00:00:58]
[%emt 00:00:25]} 39. Kf3 {[%clk 00:15:13] [%emt 00:02:16]} 1/2-1/2

[Site "Europe Echecs"]

[Event "Grand Swiss "]
[Date "2025.09.13"]
[White "Nepomniachtchi, Ian"]
[Black "Pranav, V"]
[WhiteElo "2742"]
[BlackElo "2596"]
[Round "8.8.8"]
[Result "1/2-1/2"]

1. d4 {[%clk 01:40:50] [%emt 00:00:09]} Nf6 {[%clk 01:40:48] [%emt 00:00:12]} 2.
c4 {[%clk 01:41:14] [%emt 00:00:06]} e6 {[%clk 01:41:09] [%emt 00:00:09]} 3. g3
{[%clk 01:41:39] [%emt 00:00:05]} d5 {[%clk 01:41:01] [%emt 00:00:39]} 4. Bg2
{[%clk 01:42:02] [%emt 00:00:07]} Be7 {[%clk 01:41:11] [%emt 00:00:20]} 5. Nf3
{[%clk 01:41:54] [%emt 00:00:38]} O-O {[%clk 01:41:31] [%emt 00:00:10]} 6. Qc2
{[%clk 01:42:18] [%emt 00:00:06]} c5 {[%clk 01:37:39] [%emt 00:04:21]} 7. dxc5
{[%clk 01:41:50] [%emt 00:00:59]} d4 {[%clk 01:37:54] [%emt 00:00:15]} 8. b4
{[%clk 01:32:27] [%emt 00:09:52]} a5 {[%clk 01:38:16] [%emt 00:00:09]} 9. Bb2
{[%clk 01:32:40] [%emt 00:00:17]} axb4 {[%clk 01:30:40] [%emt 00:08:06]} 10.
Nxd4 {[%clk 01:32:40] [%emt 00:00:29]} Bxc5 {[%clk 01:29:30] [%emt 00:01:41]}
11. Nb3 {[%clk 01:32:47] [%emt 00:00:23]} Be7 {[%clk 01:22:12] [%emt 00:07:47]}
12. N1d2 {[%clk 01:31:51] [%emt 00:01:26]} Qc7 {[%clk 01:17:18] [%emt 00:05:25]}
13. O-O {[%clk 01:27:55] [%emt 00:04:25]} Bd7 {[%clk 01:13:47] [%emt 00:04:02]}
14. Ne4 {[%emt 00:00:47]} Bc6 {[%clk 01:11:36] [%emt 00:02:38]} 15. Nxf6+ {[%clk
01:26:15] [%emt 00:01:56]} Bxf6 {[%clk 01:11:09] [%emt 00:00:57]} 16. Bxf6
{[%clk 01:26:26] [%emt 00:00:19]} gxf6 {[%clk 01:11:32] [%emt 00:00:07]} 17.
Rfd1 {[%clk 01:14:38] [%emt 00:12:18]} Bxg2 {[%clk 01:05:52] [%emt 00:06:10]}
18. Kxg2 {[%clk 01:15:05] [%emt 00:00:03]} Nc6 {[%clk 01:05:45] [%emt 00:00:37]}
19. c5 {[%clk 01:14:39] [%emt 00:00:56]} Rfd8 {[%clk 01:04:57] [%emt 00:01:18]}
20. Rxd8+ {[%clk 01:14:16] [%emt 00:00:53]} Rxd8 {[%clk 01:05:19] [%emt
00:00:08]} 21. Rd1 {[%clk 01:14:43] [%emt 00:00:03]} Kg7 {[%clk 01:02:40] [%emt
00:03:09]} 22. h4 {[%clk 01:14:03] [%emt 00:01:11]} Rxd1 {[%clk 01:02:14] [%emt
00:00:56]} 23. Qxd1 {[%clk 01:14:30] [%emt 00:00:01]} Qe5 {[%clk 01:02:34] [%emt
00:00:11]} 24. Qc2 {[%clk 01:10:20] [%emt 00:04:41]} Nd4 {[%clk 00:54:22] [%emt
00:08:41]} 25. Nxd4 {[%clk 01:10:40] [%emt 00:00:09]} Qxd4 {[%clk 00:54:45]
[%emt 00:00:07]} 26. e3 {[%clk 01:10:07] [%emt 00:01:03]} Qc3 {[%clk 00:54:41]
[%emt 00:00:35]} 27. Qe4 {[%clk 01:10:31] [%emt 00:00:06]} Qxc5 {[%clk 00:55:04]
[%emt 00:00:06]} 28. Qxb7 {[%clk 01:10:57] [%emt 00:00:05]} Qc4 {[%clk 00:55:27]
[%emt 00:00:07]} 29. Qa8 {[%clk 01:11:18] [%emt 00:00:08]} b3 {[%clk 00:55:49]
[%emt 00:00:09]} 30. axb3 {[%clk 01:11:46] [%emt 00:00:02]} Qxb3 {[%clk
00:56:17] [%emt 00:00:02]} 31. Qe4 {[%clk 01:12:06] [%emt 00:00:09]} Qd1 {[%clk
00:56:29] [%emt 00:00:19]} 32. Qc6 {[%clk 01:12:01] [%emt 00:00:35]} 1/2-1/2

[Site "Europe Echecs"]

[Event "Grand Swiss "]
[Date "2025.09.13"]
[White "Van Foreest, Jorden"]
[Black "Mamedyarov, Shakhriyar"]
[WhiteElo "2692"]
[BlackElo "2741"]
[Round "8.8.9"]
[Result "1-0"]

1. e4 {[%clk 01:40:54] [%emt 00:00:05]} e5 {[%clk 01:40:49] [%emt 00:00:11]} 2.
Nf3 {[%clk 01:41:10] [%emt 00:00:13]} Nc6 {[%clk 01:41:14] [%emt 00:00:06]} 3.
Bc4 {[%clk 01:41:19] [%emt 00:00:21]} Nf6 {[%clk 01:41:31] [%emt 00:00:13]} 4.
Ng5 {[%clk 01:41:22] [%emt 00:00:27]} d5 {[%clk 01:41:49] [%emt 00:00:13]} 5.
exd5 {[%clk 01:41:38] [%emt 00:00:13]} Na5 {[%clk 01:42:12] [%emt 00:00:08]} 6.
Bb5+ {[%clk 01:41:37] [%emt 00:00:30]} c6 {[%clk 01:42:34] [%emt 00:00:08]} 7.
dxc6 {[%clk 01:41:55] [%emt 00:00:12]} bxc6 {[%clk 01:43:00] [%emt 00:00:04]} 8.
Bd3 {[%clk 01:41:48] [%emt 00:00:37]} Nd5 {[%clk 01:43:03] [%emt 00:00:28]} 9.
Nf3 {[%clk 01:42:05] [%emt 00:00:12]} Bd6 {[%clk 01:43:20] [%emt 00:00:13]} 10.
Nc3 {[%clk 01:41:14] [%emt 00:01:22]} O-O {[%clk 01:42:25] [%emt 00:01:26]} 11.
Be2 {[%clk 01:40:03] [%emt 00:01:40]} Nf4 {[%clk 01:37:42] [%emt 00:05:13]} 12.
O-O {[%clk 01:37:49] [%emt 00:02:44]} Bg4 {[%clk 01:29:35] [%emt 00:08:37]} 13.
d3 {[%clk 01:37:13] [%emt 00:01:06]} Nxe2+ {[%clk 01:29:39] [%emt 00:00:26]} 14.
Qxe2 {[%clk 01:37:29] [%emt 00:00:14]} f5 {[%clk 01:28:34] [%emt 00:01:35]} 15.
h3 {[%clk 01:36:46] [%emt 00:01:12]} Bh5 {[%clk 01:27:10] [%emt 00:01:55]} 16.
g4 {[%clk 01:36:56] [%emt 00:00:20]} fxg4 {[%clk 01:24:58] [%emt 00:02:42]} 17.
Ng5 {[%clk 01:36:26] [%emt 00:01:01]} Qd7 {[%clk 01:11:59] [%emt 00:13:29]} 18.
Nce4 {[%clk 01:35:38] [%emt 00:01:17]} Bc7 {[%clk 01:06:36] [%emt 00:05:53]} 19.
Ng3 {[%clk 01:17:46] [%emt 00:18:22]} g6 {[%clk 01:06:09] [%emt 00:00:57]} 20.
Nxh5 {[%clk 01:08:19] [%emt 00:09:58]} gxh5 {[%clk 01:06:23] [%emt 00:00:15]}
21. hxg4 {[%clk 01:08:26] [%emt 00:00:23]} hxg4 {[%clk 00:58:22] [%emt
00:08:31]} 22. Kg2 {[%clk 01:04:30] [%emt 00:04:26]} Bb6 {[%clk 00:45:15] [%emt
00:13:38]} 23. Be3 {[%clk 01:01:01] [%emt 00:03:58]} Qd5+ {[%clk 00:40:01] [%emt
00:05:44]} 24. Ne4 {[%clk 00:52:11] [%emt 00:09:20]} Rf3 {[%clk 00:40:06] [%emt
00:00:26]} 25. Bxb6 {[%clk 00:50:53] [%emt 00:01:48]} axb6 {[%clk 00:37:54]
[%emt 00:02:42]} 26. Rh1 {[%clk 00:50:59] [%emt 00:00:23]} Rf4 {[%clk 00:32:01]
[%emt 00:06:23]} 27. Rh4 {[%clk 00:47:27] [%emt 00:04:02]} Kh8 {[%clk 00:32:19]
[%emt 00:00:13]} 28. Rah1 {[%clk 00:43:47] [%emt 00:04:10]} Ra7 {[%clk 00:32:44]
[%emt 00:00:05]} 29. b3 {[%clk 00:40:02] [%emt 00:04:15]} Raf7 {[%clk 00:24:25]
[%emt 00:08:48]} 30. Kf1 {[%clk 00:33:06] [%emt 00:07:25]} Rg7 {[%clk 00:22:40]
[%emt 00:02:16]} 31. Qe3 {[%clk 00:24:46] [%emt 00:08:51]} Nb7 {[%clk 00:19:53]
[%emt 00:03:16]} 32. Rh5 {[%clk 00:18:24] [%emt 00:06:52]} Nd8 {[%clk 00:02:09]
[%emt 00:18:14]} 33. Nc3 {[%clk 00:13:21] [%emt 00:05:33]} Qd4 {[%clk 00:01:57]
[%emt 00:00:41]} 34. Rxe5 {[%clk 00:11:50] [%emt 00:02:02]} Qxe3 {[%clk
00:02:12] [%emt 00:00:15]} 35. Rxe3 {[%clk 00:12:16] [%emt 00:00:04]} g3 {[%clk
00:02:40] [%emt 00:00:02]} 36. Re8+ {[%clk 00:12:26] [%emt 00:00:20]} Rg8 {[%clk
00:03:09] [%emt 00:00:01]} 37. Rxg8+ {[%clk 00:12:36] [%emt 00:00:20]} Kxg8
{[%clk 00:03:38]} 38. Ne4 {[%clk 00:12:27] [%emt 00:00:39]} gxf2 {[%clk
00:04:06] [%emt 00:00:02]} 39. Nxf2 {[%clk 00:09:17] [%emt 00:03:40]} Kg7 {[%clk
00:04:29] [%emt 00:00:06]} 40. Ke2 {[%clk 00:09:27] [%emt 00:00:20]} Ne6 {[%clk
00:02:35] [%emt 00:02:25]} 41. Ne4 {[%clk 00:06:00] [%emt 00:03:57]} h5 {[%clk
00:02:22] [%emt 00:00:43]} 42. Ng3 {[%clk 00:41:39] [%emt 00:14:50]} Kg6 {[%clk
00:52:38] [%emt 00:00:14]} 43. Nxh5 {[%clk 00:35:43] [%emt 00:06:27]} Rf5 {[%clk
00:52:39] [%emt 00:00:29]} 44. Ng3 {[%clk 00:34:06] [%emt 00:02:07]} Nd4+ {[%clk
00:52:49] [%emt 00:00:20]} 45. Kd2 {[%clk 00:33:14] [%emt 00:01:22]} Rg5 {[%clk
00:51:58] [%emt 00:01:21]} 46. Ne4 {[%clk 00:26:36] [%emt 00:07:08]} Rg2+ {[%clk
00:52:03] [%emt 00:00:24]} 47. Ke3 {[%clk 00:27:04] [%emt 00:00:02]} c5 {[%clk
00:47:33] [%emt 00:05:01]} 48. c3 {[%clk 00:27:07] [%emt 00:00:27]} Nf5+ {[%clk
00:47:51] [%emt 00:00:13]} 49. Kf4 {[%clk 00:27:29] [%emt 00:00:08]} Ne7 {[%clk
00:48:01] [%emt 00:00:20]} 50. Ra1 {[%clk 00:25:14] [%emt 00:02:45]} 1-0

[Site "Europe Echecs"]